LEADER 00912cam0 22002773 450 001 SOB008347 005 20201022083728.0 100 $a20040211d1982 |||||ita|0103 ba 101 $aita 102 $aIT 200 1 $aUtrillo$fCommenti alle tavole di Alfred Werner$ge Sabine Rewald 210 $aMilano$cGarzanti$d1982 215 $a158 p.$cill.$d32 cm 225 2 $agrandi pittori 410 1$1001LAEC00017057$12001 $aI *grandi pittori 700 1$aWerner$b, Alfred$3AF00007574$4070$0183339 702 1$aREWALD, Sabine$3AF00018770$4070 801 0$aIT$bUNISOB$c20201022$gRICA 850 $aUNISOB 852 $aUNISOB$j700|Coll|12|K$m78975 912 $aSOB008347 940 $aM 102 Monografia moderna SBN 941 $aM 957 $a700|Coll|12|K$b000030$gSI$d78975$rACQUISTO$1catenacci$2UNISOB$3UNISOB$420180518091026.0$520180518091035.0$6catenacci 996 $aUtrillo$91678513 997 $aUNISOB